A new mandatory power of possession for anti-social behaviour (Record no. 112569)

MARC details
000 -LEADER
fixed length control field 01019cad a22002415a 4500
001 - CONTROL NUMBER
control field L153522
008 - FIXED-LENGTH DATA ELEMENTS--GENERAL INFORMATION
fixed length control field 110803s2011 xxk f 000 0 eng d
020 ## - INTERNATIONAL STANDARD BOOK NUMBER
International Standard Book Number 9781409830559
035 ## - SYSTEM CONTROL NUMBER
System control number (Sirsi) u153522
041 0# - LANGUAGE CODE
Language code of text/sound track or separate title eng
050 04 - LIBRARY OF CONGRESS CALL NUMBER
Classification number 306.1 $2 18
110 2# - MAIN ENTRY--CORPORATE NAME
Corporate name or jurisdiction name as entry element United Kingdom
Subordinate unit Department for Communities and Local Government
9 (RLIN) 4939
245 02 - TITLE STATEMENT
Title A new mandatory power of possession for anti-social behaviour
Remainder of title consultation
Medium [electronic resource]
260 ## - PUBLICATION, DISTRIBUTION, ETC.
Place of publication, distribution, etc. London
Date of publication, distribution, etc. DCLG
Name of publisher, distributor, etc. 2011
520 ## - SUMMARY, ETC.
Summary, etc. Seeks views on the detail and practicalities of a new mandatory power of possession to enable landlords to take swifter action to evict antisocial tenants.
520 ## - SUMMARY, ETC.
Summary, etc. Consultation closes 27 October 2011.
590 ## - LOCAL NOTE (RLIN)
Local note KA NTK
650 24 - SUBJECT ADDED ENTRY--TOPICAL TERM
Topical term or geographic name entry element LOCALISM BILL
651 #4 - SUBJECT ADDED ENTRY--GEOGRAPHIC NAME
Geographic name England
Chronological subdivision 886-
690 ## - LOCAL SUBJECT ADDED ENTRY--TOPICAL TERM (OCLC, RLIN)
Topical term or geographic name as entry element PROPERTY-RESIDENTIAL PROPERTY-RESIDENTIAL LANDLORD AND TENANT
856 40 - ELECTRONIC LOCATION AND ACCESS
Uniform Resource Identifier <a href="https://www.communities.gov.uk/documents/housing/pdf/1959275.pdf">https://www.communities.gov.uk/documents/housing/pdf/1959275.pdf</a>
Public note View the item free of charge at www.communities.gov.uk.
942 ## - ADDED ENTRY ELEMENTS (KOHA)
Suppress in OPAC 0
Holdings
Withdrawn status Lost status Source of classification or shelving scheme Damaged status Not for loan Home library Current library Shelving location Date acquired Total Checkouts Full call number Barcode Date last seen Copy number Price effective from Koha item type
    Dewey Decimal Classification     Virtual Virtual Online 03/08/2011   ONLINE PUBLICATION 153522-2001 06/08/2019 1 06/08/2019 Book